000 00227nam a22000857a 4500
008 160708b xxu||||| |||| 00| 0 eng d
100 _92410
_a Watterson, B
245 _aThe Days are Just Packed
260 _aLondon
_b Warner Book
_c1993
999 _c2085
_d2085